=LDR 00000nam 2200000 4500 =001 000541 =005 20250711121730 =035 ##$$a 0010-0725000409 =007 ta =008 250711################a##########0#ind## =020 ##$$a 978-623-118-780-2 =082 ##$$a 398.209 598 =084 ##$$a 398.209 598 MEI l =100 #$$a Witaru Emi =245 1#$$a Lempar Kenari /$c Witaru Emi =250 ##$$a Cetakan Kedua =260 ##$$a Rawamangun :$b Badan Pengembangan dan Pembinaan Bahasa,$c 2023 =300 ##$$a 36 hlm. : $b Ilus. ; $c 21x29,7 cm. =650 #4$$a Cerita Anak - Indonesia =650 #4$$a Kesusastraan Anak =856 ##$$a TBM AS SUHADA =990 ##$$a TBM03020302